000 02258nam a2200217Ia 4500
999 _c32169
_d32169
003 OSt
005 20210520112009.0
008 160316s2012 xxu||||| |||| 00| 0 eng d
020 _a9780415685733
040 _cN
082 _a338.900000
_bPAN
100 _aPanzironi Francesca
245 _aThe capability approach : Development practice and public policy in the Asia-pacific region
260 _aLondon
_bRoutledge
_c2012
300 _a214p
_cxv
365 _b Rs. 7,208
505 _aTable of contents Introduction Katharine Gelber and Francesca Panzironi; Part 1: Issues in Capability Theory; 1. The Capability Approach: Its Interpretation and 'Limitations' Mozaffar Qizilbash; 2. Nussbaum's Capabilities Approach: Its Impact on Theory and Practice in Social Development Richard Hugman; 3. Nussbaum's Capabilities Approach and Freedom of Speech Katharine Gelber; Part 2: Developed Countries in the Asia-Pacific: Marginalisation, Well-being and Public Policy; 4. Thinking About Maori Development in Terms of the Capability Approach: The Shift Towards the Adoption of the Maori Potential Approach Manuhuia Barcham; 5. The 'Indigenous Capability Right to Health' and Australia's 'Close the Gap' Indigenous Health Policy Francesca Panzironi; 6. Aboriginal Peoples' Participation in the Review of the Aboriginal Heritage Act 1988 in South Australia David Baker, Francesca Panzironi and Sydney Sparrow; 7. Living on the Margins: The Capabilities of Older Renters in Sydney, Australia Alan Morris; 8. A Method for Assessing the Adequacy of Australian Children's Living Standards Gerry Redmond; 9. Beyond Participation: A Capability Approach to Urban Development in Sydney Andy Dong; Part 3: Developing Countries in the Asia-Pacific; 10. Samoa, Vanuatu and New Zealand: Participatory Monitoring and Evaluation of Development Programs John Schischka; 11. Re-Evaluating the MDG framework in Papua New Guinea Joy Paton and Elisabeth Valiente-Riedl; 12. Sri Lanka: Using Information and Communications Technology to Build Capabilities for Wellbeing in Post-Conflict Communities Donna Vaughan
650 _a1. Economic Development - Pacific Area2. Social Planning - Social Justice - Equality
700 _aGelber Katharine
_a
942 _2ddc
_cBK